000 004260000a22001810004500
003 MACL
005 20150813164521.0
008 150813b xxu||||| |||| 00| 0 eng d
040 _aMACL
_cMACL
041 _aEnglish
082 _a403/BOS
100 _aBose T K
_95439
245 _aDictionary Of Horticulture
260 _bNaya Udyog
_c2006
_aKolkata
350 _a2000
650 _aDictionary
_95441
942 _cBK
_k403
_2ddc
999 _c2289
_d2289